Development of the JQuery editor interacting with semantic storages though the WCF service; Молодежь и современные информационные технологии

Bibliographic Details
Parent link:Молодежь и современные информационные технологии.— 2012.— [С. 163-165]
Main Author: Fandeev V. A.
Summary:Заглавие с титульного экрана
Language:English
Published: 2012
Series:Информационные и интеллектуальные системы
Subjects:
Online Access:http://www.lib.tpu.ru/fulltext/c/2012/C04/067.pdf
Format: Electronic Book Chapter
KOHA link:https://koha.lib.tpu.ru/cgi-bin/koha/opac-detail.pl?biblionumber=609928

MARC

LEADER 00000naa2a2200000 4500
001 609928
005 20260327150113.0
035 |a (RuTPU)RU\TPU\conf\7481 
035 |a RU\TPU\conf\7480 
090 |a 609928 
100 |a 20141214d2012 k||y0rusy50 ba 
101 0 |a eng 
102 |a RU 
135 |a drcn ---uucaa 
181 0 |a i  
182 0 |a b 
200 1 |a Development of the JQuery editor interacting with semantic storages though the WCF service  |f V. A. Fandeev 
203 |a Текст  |c электронный 
225 1 |a Информационные и интеллектуальные системы 
300 |a Заглавие с титульного экрана 
320 |a [Библиогр.: с. 165 (5 назв.)] 
337 |a Adobe Reader 
463 0 |0 (RuTPU)RU\TPU\conf\6944  |t Молодежь и современные информационные технологии  |o сборник трудов X Международной научно-практической конференции студентов, аспирантов и молодых ученых, г. Томск, 13-16 ноября 2012 г.  |f Национальный исследовательский Томский политехнический университет (ТПУ) ; под ред. Е. А. Сикоры и др.  |v [С. 163-165]  |d 2012 
610 1 |a труды учёных ТПУ 
610 1 |a электронный ресурс 
610 1 |a информационные системы 
610 1 |a базы данных 
610 1 |a редакторы 
610 1 |a семантические хранилища 
610 1 |a jQuery 
700 1 |a Fandeev  |b V. A. 
801 2 |a RU  |b 63413507  |c 20141214  |g RCR 
856 4 |u http://www.lib.tpu.ru/fulltext/c/2012/C04/067.pdf 
942 |c BK